| 000 | 00000cam 2200000zi 4500 |
| 001 | 9.891093 |
| 003 | CaOODSP |
| 005 | 20260211080111 |
| 006 | m o d f |
| 007 | cr cn||||||||| |
| 008 | 200901t20202020onc o f000 0 eng d |
| 040 | |aCaOODSP|beng|erda|cCaOODSP |
| 043 | |an-cn--- |
| 086 | 1 |aH113-25/2020-11E-PDF |
| 245 | 00|aInpyrfluxam, Excalia Fungicide and Zeltera Fungicide. |
| 264 | 1|aOttawa, Ontario : |bPest Management Regulatory Agency, Health Canada, |c2020. |
| 264 | 4|c©2020 |
| 300 | |a1 online resource (1 page). |
| 336 | |atext|btxt|2rdacontent |
| 337 | |acomputer|bc|2rdamedia |
| 338 | |aonline resource|bcr|2rdacarrier |
| 490 | 1 |aRegistration decision, |x1925-0940 ; |vRD2020-11 |
| 500 | |aIssued also in French under title: Inpyrfluxame, fongicide excalia et fongicide zeltera. |
| 500 | |a"28 August 2020." |
| 500 | |aCover title. |
| 520 | |a"Health Canada’s Pest Management Regulatory Agency (PMRA), under the authority of the Pest Control Products Act, is granting registration for the sale and use of Indiflin Technical, Excalia Fungicide and Zeltera Fungicide, containing the technical grade active ingredient inpyrfluxam, to control or suppress various diseases of listed crops"--Page 1. |
| 650 | 0|aFungicides|xCertification|zCanada. |
| 650 | 0|aFungicides|xToxicology. |
| 710 | 1 |aCanada. |bPest Management Regulatory Agency, |eissuing body. |
| 775 | 08|tInpyrfluxame, fongicide excalia et fongicide zeltera.|w(CaOODSP)9.891096 |
| 830 | #0|aRegistration decision,|x1925-0940 ; |vRD2020-11.|w(CaOODSP)9.505184 |
| 856 | 40|qPDF|s69 KB|uhttps://publications.gc.ca/collections/collection_2020/sc-hc/h113-25/H113-25-2020-11-eng.pdf |